| 000 | 01795nim a2200373 i 4500 | ||
|---|---|---|---|
| 001 | 197171 | ||
| 003 | ES-MaACL | ||
| 005 | 20250828062550.0 | ||
| 007 | ss lsnjlcipnne | ||
| 008 | 250424s1990 sp nnnn |||| 00| spa d | ||
| 040 |
_bspa _cES-MaACL |
||
| 245 | 0 | 0 |
_aSobre la felicidad _h[Grabación sonora] : _bmesa redonda / _cintervienen Javier Davara, profesor titular de Teoría de la Información de la Universidad Complutense, y Hortensia Viñes, profesora titular de Teoría del Lenguaje de la Universidad Complutense. |
| 260 |
_aMadrid : _bAteneo de Madrid, _c1990. |
||
| 300 |
_a1 casete (ca. 90 min) : _bson ; _c11 cm |
||
| 490 | 1 | _3Actos culturales en el Ateneo de Madrid | |
| 518 | _aGrabado el 14 de junio de 1990 en el Salón de Actos del Ateneo de Madrid. | ||
| 520 | _aMesa redonda titulada "Sobre la felicidad". En el acto ocurre la presentación del libro de D. Serafín Argaiz Santelices titulado “Como conseguir la felicidad”. | ||
| 540 | _aDocumento inédito | ||
| 594 | _5Datos tomados de la invitación. | ||
| 610 | 2 | 0 |
_aAteneo de Madrid- _xActos culturales- _y1990- _vGrabaciones sonoras _9240083 |
| 650 | 7 |
_aFelicidad _2embne _912743 |
|
| 653 | _aArchivo de la palabra | ||
| 655 | 0 |
_aConferencias _9234444 |
|
| 700 | 1 |
_aDavara, Javier _9240197 _eora |
|
| 700 | 1 |
_aViñes, Hortensia _eora _9240198 |
|
| 700 | 1 |
_aArgaiz Santelices, Serafín _eora _9240199 |
|
| 710 | 2 |
_91875 _aAteneo de Madrid _ehis |
|
| 710 | 2 |
_aUniversidad Complutense de Madrid. _bFacultad de Ciencias de la Información. _bDepartamento de Periodismo _eclb _9240196 |
|
| 830 | 0 |
_aActos culturales en el Ateneo de Madrid _9240237 |
|
| 852 |
_aES-MaACL _cDEPOZ _9205197 |
||
| 942 |
_2udc _n0 _cCINTASAUD |
||
| 999 |
_c197171 _d197171 |
||